000 01119nam a2200349 c 4500
001 BV012891705
003 DE-604
005 20210707154858.0
007 t
008 991202s1976 a||| |||| 00||| ger d
020 _a3550073356
_93-550-07335-6
035 _a(OCoLC)74300724
035 _a(DE-599)BVBBV012891705
040 _aDE-604
_bger
_cRU-10907106
041 0 _ager
_heng
100 1 _aWinterbotham, Frederick W.
_d1897-1990
_eVerfasser
_0(DE-588)129103179
_4aut
240 1 4 _aThe Ultra Secret
245 1 0 _aAktion Ultra
264 1 _aFrankfurt/M. u.a.
_bUllstein
_c1976
300 _a226 Seiten
_bIllustrationen
336 _aText
_btxt
_2rdacontent
337 _aohne Hilfsmittel zu benutzen
_bn
_2rdamedia
338 _aBand
_bnc
_2rdacarrier
648 7 _aGeschichte
_2swd
648 7 _aGeschichte
_2gnd
_9rswk-swf
650 7 _aAbwehr (Geheimdienst)
_2DDB
650 7 _aGeheimdienst
_2DDB
650 7 _aNachrichtendienst (Militärwesen)
_2DDB
650 0 7 _aWeltkrieg
_g1939-1945
_0(DE-588)4079167-1
_2gnd
_9rswk-swf
650 0 7 _aUnterseeboot
_0(DE-588)4078646-8
_2gnd
_9rswk-swf
942 _2z
_cMG
999 _c56894
_d56894